000 00446cam a22001337a 4500
008 180718b1987 xxu||||| |||| 00| 0 eng d
082 _aA81x54 In2/81/4/Pt 8 A & B/2
100 _aCensus of India 1981
245 _aBihar: household tables
260 _aDelhi
_bController of Publications
_c1987
300 _a1063+p.
440 _aCensus of India 1981. Series-4, Bihar.Part-VIII A & B (ii)
500 _aContents: Tables HH-5 up to Purnia district
999 _c481973
_d481973